Aesthetic surgery of the forehead and upper third of the face : (Record no. 4617)
[ view plain ]
| 000 -LEADER | |
|---|---|
| fixed length control field | 01769nam a2200373 i 4500 |
| 001 - CONTROL NUMBER | |
| control field | ebr10949524 |
| 003 - CONTROL NUMBER IDENTIFIER | |
| control field | CaPaEBR |
| 006 - FIXED-LENGTH DATA ELEMENTS--ADDITIONAL MATERIAL CHARACTERISTICS--GENERAL INFORMATION | |
| fixed length control field | m o d |
| 007 - PHYSICAL DESCRIPTION FIXED FIELD--GENERAL INFORMATION | |
| fixed length control field | cr cn||||||||| |
| 008 - FIXED-LENGTH DATA ELEMENTS--GENERAL INFORMATION | |
| fixed length control field | 141016t20112011ctuao ob 001 0 eng d |
| 020 ## - INTERNATIONAL STANDARD BOOK NUMBER | |
| Cancelled/invalid ISBN | 9781607951537 |
| International Standard Book Number | 9781607952282 (e-book) |
| 040 ## - CATALOGING SOURCE | |
| Original cataloging agency | CaPaEBR |
| Language of cataloging | eng |
| Description conventions | rda |
| -- | pn |
| Transcribing agency | CaPaEBR |
| 035 ## - SYSTEM CONTROL NUMBER | |
| System control number | (OCoLC)893679847 |
| 050 14 - LIBRARY OF CONGRESS CALL NUMBER | |
| Classification number | RD119.5.F33 |
| Item number | .S353 2011eb |
| 082 04 - DEWEY DECIMAL CLASSIFICATION NUMBER | |
| Classification number | 617.520592 |
| Edition number | 23 |
| 100 1# - MAIN ENTRY--PERSONAL NAME | |
| Personal name | Sclafani, Anthony P., |
| Relator term | author. |
| 245 10 - TITLE STATEMENT | |
| Title | Aesthetic surgery of the forehead and upper third of the face : |
| Remainder of title | Thomas procedures in facial plastic surgery / |
| Statement of responsibility, etc | Anthony P. Sclafani. |
| 264 #1 - PRODUCTION, PUBLICATION, DISTRIBUTION, MANUFACTURE, AND COPYRIGHT NOTICE | |
| Place of production, publication, distribution, manufacture | Shelton, Connecticut : |
| Name of producer, publisher, distributor, manufacturer | People's Medical Publishing House, |
| Date of production, publication, distribution, manufacture, or copyright notice | 2011. |
| Date of production, publication, distribution, manufacture, or copyright notice | �2011 |
| 300 ## - PHYSICAL DESCRIPTION | |
| Extent | 1 online resource (168 pages) : |
| Other physical details | color illustrations, photographs |
| 336 ## - CONTENT TYPE | |
| Content type term | text |
| Source | rdacontent |
| 337 ## - MEDIA TYPE | |
| Media type term | computer |
| Source | rdamedia |
| 338 ## - CARRIER TYPE | |
| Carrier type term | online resource |
| Source | rdacarrier |
| 504 ## - BIBLIOGRAPHY, ETC. NOTE | |
| Bibliography, etc | Includes bibliographical references at the end of each chapters and index. |
| 588 ## - SOURCE OF DESCRIPTION NOTE | |
| Source of description note | Description based on print version record. |
| 590 ## - LOCAL NOTE (RLIN) | |
| Local note | Electronic reproduction. Palo Alto, Calif. : ebrary, 2014. Available via World Wide Web. Access may be limited to ebrary affiliated libraries. |
| 650 #0 - SUBJECT ADDED ENTRY--TOPICAL TERM | |
| Topical term or geographic name as entry element | Face |
| General subdivision | Surgery. |
| Topical term or geographic name as entry element | Surgery, Plastic. |
| 655 #0 - INDEX TERM--GENRE/FORM | |
| Genre/form data or focus term | Electronic books. |
| 776 08 - ADDITIONAL PHYSICAL FORM ENTRY | |
| Display text | Print version: |
| Main entry heading | Sclafani, Anthony P. |
| Title | Aesthetic surgery of the forehead and upper third of the face : Thomas procedures in facial plastic surgery. |
| Place, publisher, and date of publication | Shelton, Connecticut : People's Medical Publishing House, c2011 |
| Physical description | xi, 156 pages |
| International Standard Book Number | 9781607951537 |
| Record control number | 2011031619 |
| 797 2# - LOCAL ADDED ENTRY--CORPORATE NAME (RLIN) | |
| Corporate name or jurisdiction name as entry element | ebrary. |
| 856 40 - ELECTRONIC LOCATION AND ACCESS | |
| Uniform Resource Identifier | <a href="http://site.ebrary.com/lib/rucke/Doc?id=10949524">http://site.ebrary.com/lib/rucke/Doc?id=10949524</a> |
| Public note | An electronic book accessible through the World Wide Web; click to view |
No items available.
